000
00258nam a2200109Ia 4500
008
200302s9999 xx 000 0 und d
100
_a
Simone K. schleifer
245
_a
Colour Inspirations
260
_b
Loft Publications
260
_c
2010
300
_a
595 P.,
999
_c
3087
_d
3087